[Event "Campinas Fazer op"]
[Site "Campinas"]
[Date "2015.03.22"]
[Round "5"]
[White "Mandetta, Joao Danilo"]
[Black "Cubas, Jose Fernando"]
[Result "0-1"]
[WhiteElo "2260"]
[BlackElo "2467"]
[PlyCount "78"]
[EventDate "2015.03.20"]
[EventType "swiss"]
[EventRounds "6"]
[EventCountry "BRA"]
[SourceTitle "EXT 2018"]
[Source "ChessBase"]
[SourceDate "2017.10.13"]
[SourceVersion "1"]
[SourceVersionDate "2017.10.13"]
[SourceQuality "1"]

1. d4 Nf6 2. c4 e6 3. Nc3 Bb4 4. e3 O-O 5. Nge2 Re8 6. a3 Bf8 7. d5 d6 8. Ng3
c6 9. Be2 cxd5 10. cxd5 Nxd5 11. Nxd5 exd5 12. Qxd5 Nc6 13. Bd2 Be6 14. Qb5 a6
15. Qa4 d5 16. Bc3 b5 17. Qd1 Qh4 18. Rc1 d4 19. Bxd4 Nxd4 20. Qxd4 Qxd4 21.
exd4 Rad8 22. O-O Rxd4 23. Rc6 Ra4 24. Rd1 g6 25. Rd2 Bh6 26. Rdd6 Bf4 27. Rxa6
Bxd6 28. Rxd6 Bc4 29. Kf1 h5 30. Rd2 h4 31. Bxc4 hxg3 32. Bd5 gxh2 33. g3 Kg7
34. Kg2 Ra6 35. Bb3 Rh8 36. Kh1 Rc6 37. Rd1 Rc5 38. f3 Re5 39. a4 Re3 0-1

[Event "Campinas Fazer op"]
[Site "Campinas"]
[Date "2015.03.22"]
[Round "6"]
[White "Cubas, Jose Fernando"]
[Black "Matsuura, Everaldo"]
[Result "1/2-1/2"]
[WhiteElo "2467"]
[BlackElo "2496"]
[PlyCount "68"]
[EventDate "2015.03.20"]
[EventType "swiss"]
[EventRounds "6"]
[EventCountry "BRA"]
[SourceTitle "EXT 2018"]
[Source "ChessBase"]
[SourceDate "2017.10.13"]
[SourceVersion "1"]
[SourceVersionDate "2017.10.13"]
[SourceQuality "1"]

1. e4 c5 2. Nf3 Nc6 3. d4 cxd4 4. Nxd4 Nf6 5. Nc3 e5 6. Ndb5 d6 7. Bg5 a6 8.
Na3 b5 9. Nd5 Be7 10. Bxf6 Bxf6 11. c4 b4 12. Nc2 O-O 13. g3 a5 14. h4 Be6 15.
Bh3 Rb8 16. b3 Be7 17. Kf1 Qc7 18. Kg2 Bxh3+ 19. Rxh3 f5 20. Nde3 f4 21. Nf5 g6
22. Nxe7+ Nxe7 23. f3 Qc6 24. Qd2 Qc5 25. Rd1 Rb6 26. gxf4 Rxf4 27. Ne3 a4 28.
Rh2 axb3 29. axb3 Ra6 30. Nc2 Ra2 31. Kg3 Rb2 32. Qxb4 Qxb4 33. Nxb4 Rxb3 34.
Nd3 Rf6 1/2-1/2

[Event "Asuncion zt 2.5"]
[Site "Asuncion"]
[Date "2015.04.27"]
[Round "1"]
[White "Palmieri, Daniel"]
[Black "Cubas, Jose Fernando"]
[Result "0-1"]
[WhiteElo "1833"]
[BlackElo "2467"]
[PlyCount "64"]
[EventDate "2015.04.27"]
[EventType "swiss"]
[EventRounds "9"]
[EventCountry "PAR"]
[SourceTitle "CBM 166 Extra"]
[Source "ChessBase"]
[SourceDate "2015.06.18"]
[SourceVersion "1"]
[SourceVersionDate "2015.06.18"]
[SourceQuality "1"]

1. e4 c5 2. Nc3 Nc6 3. Nge2 g6 4. g3 Bg7 5. Bg2 d6 6. d3 Rb8 7. Rb1 b5 8. Nd5
e6 9. Ne3 Nge7 10. Bd2 O-O 11. O-O d5 12. Qc1 Nd4 13. Nxd4 cxd4 14. Ng4 e5 15.
Nh6+ Kh8 16. h3 dxe4 17. dxe4 Be6 18. b3 Rc8 19. Qd1 Qd7 20. h4 Rc6 21. a4 bxa4
22. bxa4 Rfc8 23. Rb2 Qc7 24. Qb1 Rxc2 25. Rb7 Qd8 26. Bg5 f6 27. Bxf6 Bxf6 28.
Bh3 Qd6 29. Bxe6 Qxe6 30. Rb8 Kg7 31. Rxc8 Rxc8 32. Rc1 Kxh6 0-1

[Event "Asuncion zt 2.5"]
[Site "Asuncion"]
[Date "2015.04.28"]
[Round "2"]
[White "Cubas, Jose Fernando"]
[Black "Bachmann, Axel"]
[Result "1/2-1/2"]
[WhiteElo "2467"]
[BlackElo "2614"]
[PlyCount "43"]
[EventDate "2015.04.27"]
[EventType "swiss"]
[EventRounds "9"]
[EventCountry "PAR"]
[SourceTitle "CBM 166 Extra"]
[Source "ChessBase"]
[SourceDate "2015.06.18"]
[SourceVersion "1"]
[SourceVersionDate "2015.06.18"]
[SourceQuality "1"]

1. e4 e5 2. Nf3 Nc6 3. d4 exd4 4. Nxd4 Nf6 5. Nc3 Bb4 6. Nxc6 bxc6 7. Bd3 O-O
8. O-O Re8 9. Qf3 Rb8 10. Bf4 d6 11. h3 Nd7 12. Qg3 Ne5 13. Bg5 f6 14. Bd2 c5
15. f4 Nxd3 16. cxd3 f5 17. Rae1 c6 18. exf5 Bxf5 19. Rxe8+ Qxe8 20. a3 Bxc3
21. Bxc3 Qg6 22. Qxg6 1/2-1/2

[Event "Asuncion zt 2.5"]
[Site "Asuncion"]
[Date "2015.04.28"]
[Round "3"]
[White "Krysa, Leandro Sergio"]
[Black "Cubas, Jose Fernando"]
[Result "1-0"]
[WhiteElo "2474"]
[BlackElo "2467"]
[PlyCount "51"]
[EventDate "2015.04.27"]
[EventType "swiss"]
[EventRounds "9"]
[EventCountry "PAR"]
[SourceTitle "CBM 166 Extra"]
[Source "ChessBase"]
[SourceDate "2015.06.18"]
[SourceVersion "1"]
[SourceVersionDate "2015.06.18"]
[SourceQuality "1"]

1. d4 Nf6 2. c4 e6 3. Nc3 Bb4 4. Qc2 c5 5. dxc5 Na6 6. a3 Bxc3+ 7. Qxc3 Nxc5 8.
b4 Nce4 9. Qb2 d5 10. c5 d4 11. e3 e5 12. Nf3 O-O 13. Nxe5 Nc3 14. Bc4 Be6 15.
Bxe6 fxe6 16. O-O Nfe4 17. exd4 Qxd4 18. Nf3 Qd3 19. Be3 Rf5 20. Nd4 Raf8 21.
Rae1 R5f6 22. Qc2 Qc4 23. f3 Kh8 24. Ne2 Rf5 25. Kh1 Rd5 26. fxe4 1-0

[Event "Asuncion zt 2.5"]
[Site "Asuncion"]
[Date "2015.04.29"]
[Round "4"]
[White "Cubas, Jose Fernando"]
[Black "Roman, Rodrigo"]
[Result "1/2-1/2"]
[WhiteElo "2467"]
[BlackElo "2006"]
[PlyCount "84"]
[EventDate "2015.04.27"]
[EventType "swiss"]
[EventRounds "9"]
[EventCountry "PAR"]
[SourceTitle "CBM 166 Extra"]
[Source "ChessBase"]
[SourceDate "2015.06.18"]
[SourceVersion "1"]
[SourceVersionDate "2015.06.18"]
[SourceQuality "1"]

1. e4 e5 2. Nf3 Nf6 3. d4 Nxe4 4. Bd3 d5 5. Nxe5 Bd6 6. O-O O-O 7. c4 c6 8. Nc3
Bxe5 9. dxe5 Nxc3 10. bxc3 Re8 11. cxd5 Qxd5 12. Qc2 h6 13. Bf4 Be6 14. Rfe1
Nd7 15. c4 Qa5 16. Bd2 Qc7 17. f4 Nc5 18. Bh7+ Kh8 19. f5 Kxh7 20. fxe6+ Kg8
21. exf7+ Qxf7 22. Bb4 b6 23. Rad1 Re6 24. Qf2 Qxf2+ 25. Kxf2 Rae8 26. Bc3 R8e7
27. Re3 Nd7 28. Kg3 Kf7 29. Rf1+ Kg6 30. Rfe1 Kf5 31. Rf3+ Kg6 32. h4 h5 33.
Rfe3 Kf5 34. Rf1+ Kg6 35. Rd1 Kf5 36. Rf3+ Kg6 37. Re1 Nxe5 38. Rfe3 Kf5 39.
Rf1+ Kg6 40. Rfe1 Kf5 41. Rf1+ Kg6 42. Rfe1 Kf5 1/2-1/2

[Event "Asuncion zt 2.5"]
[Site "Asuncion"]
[Date "2015.04.30"]
[Round "5"]
[White "Riline Orso, Alejandro"]
[Black "Cubas, Jose Fernando"]
[Result "0-1"]
[WhiteElo "2180"]
[BlackElo "2467"]
[PlyCount "64"]
[EventDate "2015.04.27"]
[EventType "swiss"]
[EventRounds "9"]
[EventCountry "PAR"]
[SourceTitle "CBM 166 Extra"]
[Source "ChessBase"]
[SourceDate "2015.06.18"]
[SourceVersion "1"]
[SourceVersionDate "2015.06.18"]
[SourceQuality "1"]

1. Nf3 d5 2. b3 Bg4 3. Bb2 Nd7 4. g3 Ngf6 5. Bg2 e6 6. c4 c6 7. O-O Be7 8. d3
O-O 9. Nbd2 a5 10. a3 Ne8 11. h3 Bh5 12. Re1 Bf6 13. d4 a4 14. b4 Nd6 15. c5
Nb5 16. Rc1 Re8 17. g4 Bg6 18. Ne5 Nxd4 19. Nxg6 hxg6 20. Bxd4 Bxd4 21. Nb1 Bf6
22. Nc3 b5 23. f4 g5 24. e3 Bxc3 25. Rxc3 e5 26. fxg5 Qxg5 27. Bxd5 cxd5 28.
Qxd5 Nf6 29. Qd3 Rad8 30. Qxb5 Nxg4 31. hxg4 Qxg4+ 32. Kf2 Re6 0-1

[Event "Asuncion zt 2.5"]
[Site "Asuncion"]
[Date "2015.04.30"]
[Round "6"]
[White "Cubas, Jose Fernando"]
[Black "Heinechen, John"]
[Result "1-0"]
[WhiteElo "2467"]
[BlackElo "1984"]
[PlyCount "27"]
[EventDate "2015.04.27"]
[EventType "swiss"]
[EventRounds "9"]
[EventCountry "PAR"]
[SourceTitle "CBM 166 Extra"]
[Source "ChessBase"]
[SourceDate "2015.06.18"]
[SourceVersion "1"]
[SourceVersionDate "2015.06.18"]
[SourceQuality "1"]

1. e4 c5 2. Nf3 e6 3. d4 cxd4 4. Nxd4 a6 5. Nc3 Qc7 6. Bd3 Nc6 7. Nxc6 dxc6 8.
O-O e5 9. a4 Nf6 10. Be3 a5 11. h3 Nd7 12. Bc4 Bc5 13. Qg4 Kf8 14. Qf5 1-0

[Event "Asuncion zt 2.5"]
[Site "Asuncion"]
[Date "2015.05.01"]
[Round "7"]
[White "Felgaer, Ruben Alejandro"]
[Black "Cubas, Jose Fernando"]
[Result "1-0"]
[WhiteElo "2580"]
[BlackElo "2467"]
[PlyCount "95"]
[EventDate "2015.04.27"]
[EventType "swiss"]
[EventRounds "9"]
[EventCountry "PAR"]
[SourceTitle "CBM 166 Extra"]
[Source "ChessBase"]
[SourceDate "2015.06.18"]
[SourceVersion "1"]
[SourceVersionDate "2015.06.18"]
[SourceQuality "1"]

1. e4 e6 2. d4 d5 3. Nc3 Nf6 4. Bg5 Be7 5. e5 Nfd7 6. Bxe7 Qxe7 7. f4 Nb6 8.
Nf3 Bd7 9. Qd2 c5 10. dxc5 Qxc5 11. O-O-O Nc6 12. Kb1 Na5 13. Qd4 Rc8 14. Bd3
Qe7 15. f5 Nac4 16. b3 Na5 17. Rhe1 Qa3 18. Nb5 Bxb5 19. Bxb5+ Nc6 20. fxe6
fxe6 21. Qg4 O-O 22. Qxe6+ Kh8 23. c3 Qc5 24. Bd3 Qxc3 25. Qh3 h6 26. Qg4 Nb4
27. Qg6 Nxd3 28. Qxd3 Qb4 29. Qd2 Rc3 30. Ka1 Rfc8 31. e6 Qe7 32. Nd4 a5 33.
Nf5 Qf6 34. Qd4 Qxf5 35. e7 R3c6 36. e8=Q+ Rxe8 37. Rxe8+ Kh7 38. Qd3 Qxd3 39.
Rxd3 Rc2 40. Rg3 Nc8 41. Kb1 Rc7 42. Kb2 Nd6 43. Rd8 Ne4 44. Re3 Rc5 45. Rd3
Nf6 46. Rc3 Rb5 47. Rc7 Rb4 48. Rf8 1-0

[Event "Asuncion zt 2.5"]
[Site "Asuncion"]
[Date "2015.05.02"]
[Round "8"]
[White "Cubas, Jose Fernando"]
[Black "Jimenez, Joaquin Rodrigo"]
[Result "1-0"]
[WhiteElo "2467"]
[BlackElo "2205"]
[PlyCount "73"]
[EventDate "2015.04.27"]
[EventType "swiss"]
[EventRounds "9"]
[EventCountry "PAR"]
[SourceTitle "CBM 166 Extra"]
[Source "ChessBase"]
[SourceDate "2015.06.18"]
[SourceVersion "1"]
[SourceVersionDate "2015.06.18"]
[SourceQuality "1"]

1. Nf3 Nf6 2. g3 d5 3. Bg2 Bg4 4. c4 c6 5. cxd5 Nxd5 6. Nc3 e6 7. O-O Nd7 8. d4
Be7 9. e4 Nxc3 10. bxc3 Qa5 11. Qb3 Qb5 12. Qc2 Nb6 13. Rb1 Qa6 14. Re1 O-O 15.
h3 Bh5 16. g4 Bg6 17. Ne5 Bf6 18. Bf1 Qa5 19. Nxg6 hxg6 20. Bd2 Bg5 21. f4 Bh4
22. Re3 Rfd8 23. Kg2 g5 24. f5 e5 25. c4 Qa4 26. Qxa4 Nxa4 27. d5 Nc5 28. Bb4
Na6 29. Bc3 b6 30. Bxe5 Nc5 31. Bd4 cxd5 32. cxd5 f6 33. Rc1 Nd7 34. Bb5 Rab8
35. Rc7 Ne5 36. Bc4 Rb7 37. d6+ 1-0

[Event "Asuncion zt 2.5"]
[Site "Asuncion"]
[Date "2015.05.03"]
[Round "9"]
[White "Obregon, Carlos Andres"]
[Black "Cubas, Jose Fernando"]
[Result "1-0"]
[WhiteElo "2531"]
[BlackElo "2467"]
[PlyCount "79"]
[EventDate "2015.04.27"]
[EventType "swiss"]
[EventRounds "9"]
[EventCountry "PAR"]
[SourceTitle "CBM 166 Extra"]
[Source "ChessBase"]
[SourceDate "2015.06.18"]
[SourceVersion "1"]
[SourceVersionDate "2015.06.18"]
[SourceQuality "1"]

1. e4 e6 2. d4 d5 3. Nc3 Nf6 4. e5 Nfd7 5. f4 c5 6. Nf3 Nc6 7. Be3 a6 8. Qd2
Be7 9. dxc5 Nxc5 10. a3 O-O 11. Be2 b6 12. Nd4 Nxd4 13. Bxd4 f6 14. exf6 Bxf6
15. O-O Ra7 16. Rad1 Raf7 17. Qe3 Bxd4 18. Rxd4 Qc7 19. g3 Nb7 20. Bxa6 Nd6 21.
Bd3 Nf5 22. Bxf5 Rxf5 23. Rdd1 R5f6 24. Qd3 g5 25. Ne2 Qc5+ 26. Nd4 gxf4 27.
gxf4 Kh8 28. Qe3 Ba6 29. Rf3 Qd6 30. Re1 Rxf4 31. Rxf4 Rxf4 32. Qxe6 Qf8 33.
Qe5+ Kg8 34. Qxd5+ Rf7 35. Re3 Kh8 36. Rf3 Rg7+ 37. Kf2 Qb8 38. Rg3 Qf4+ 39.
Nf3 Rf7 40. Qa8+ 1-0

[Event "Cordeiropolis Freitas Levy Memorial"]
[Site "Cordeiropolis"]
[Date "2015.05.22"]
[Round "1"]
[White "Cubas, Jose Fernando"]
[Black "Deus Filho, Joaquim"]
[Result "1-0"]
[WhiteElo "2464"]
[BlackElo "1925"]
[PlyCount "99"]
[EventDate "2015.05.22"]
[EventType "swiss"]
[EventRounds "6"]
[EventCountry "BRA"]
[SourceTitle "CBM 166 Extra"]
[Source "ChessBase"]
[SourceDate "2015.06.18"]
[SourceVersion "1"]
[SourceVersionDate "2015.06.18"]
[SourceQuality "1"]

1. e4 c5 2. Nf3 d6 3. d4 cxd4 4. Nxd4 Nf6 5. Nc3 g6 6. Be3 Bg7 7. f3 Nc6 8. Qd2
O-O 9. Bc4 Bd7 10. O-O-O Qa5 11. Nb3 Qc7 12. Bh6 Ne5 13. Bxg7 Kxg7 14. Be2 b5
15. Bxb5 Bxb5 16. Nxb5 Qb7 17. Nc3 a5 18. f4 Nc6 19. a4 Rfc8 20. Rhe1 Nb4 21.
Kb1 Rab8 22. Nxa5 Qa8 23. Nb3 Kg8 24. e5 Nd7 25. exd6 exd6 26. Qxd6 Nxc2 27.
Kxc2 Qxa4 28. Re8+ Kg7 29. Qd4+ Qxd4 30. Rxd4 Rxe8 31. Rxd7 Rb4 32. Nd4 Re1 33.
g3 h5 34. Nf3 Rf1 35. Ne5 Rf2+ 36. Kd3 Rfxb2 37. Rxf7+ Kg8 38. h4 R2b3 39. Rf6
Rb6 40. Rxg6+ Rxg6 41. Nxg6 Kg7 42. Ne5 Rb4 43. Ne4 Rb3+ 44. Kd4 Rb4+ 45. Kd5
Rb5+ 46. Ke6 Rb4 47. Nd6 Rb3 48. f5 Rxg3 49. f6+ Kf8 50. Nd7+ 1-0

[Event "Cordeiropolis Freitas Levy Memorial"]
[Site "Cordeiropolis"]
[Date "2015.05.22"]
[Round "2"]
[White "Brandao, Renan Alves"]
[Black "Cubas, Jose Fernando"]
[Result "0-1"]
[WhiteElo "2113"]
[BlackElo "2464"]
[PlyCount "100"]
[EventDate "2015.05.22"]
[EventType "swiss"]
[EventRounds "6"]
[EventCountry "BRA"]
[SourceTitle "CBM 166 Extra"]
[Source "ChessBase"]
[SourceDate "2015.06.18"]
[SourceVersion "1"]
[SourceVersionDate "2015.06.18"]
[SourceQuality "1"]

1. d4 Nf6 2. Nf3 e6 3. Bf4 b6 4. e3 Bb7 5. Nbd2 Be7 6. Bd3 d6 7. h3 Nbd7 8. O-O
Nf8 9. Qe2 Ng6 10. Bg5 O-O 11. Bxf6 Bxf6 12. Ba6 Qc8 13. Bxb7 Qxb7 14. a4 c5
15. c3 Rad8 16. Rfd1 d5 17. b4 Qc7 18. bxc5 bxc5 19. Rdb1 e5 20. Qa6 Rd7 21.
Nb3 Be7 22. Qa5 exd4 23. Qxc7 Rxc7 24. exd4 Nf4 25. Kf1 Rfc8 26. g3 Ne6 27. Rc1
Bf6 28. Ne5 cxd4 29. cxd4 Rxc1+ 30. Rxc1 Rxc1+ 31. Nxc1 Nxd4 32. Ng4 Ne6 33.
Nxf6+ gxf6 34. Nd3 a5 35. f4 Kf8 36. f5 Nd4 37. g4 Ke7 38. Kf2 Kd6 39. Ke3 Nc2+
40. Kd2 Nb4 41. Nc1 Ke5 42. Nb3 Nc6 43. Ke3 d4+ 44. Kd3 Kd5 45. h4 Ne5+ 46. Ke2
Kc4 47. Nxa5+ Kc3 48. g5 d3+ 49. Kd1 Ng4 50. Ke1 d2+ 0-1

[Event "Cordeiropolis Freitas Levy Memorial"]
[Site "Cordeiropolis"]
[Date "2015.05.23"]
[Round "3"]
[White "Cubas, Jose Fernando"]
[Black "Sega, Carlos Alberto"]
[Result "1/2-1/2"]
[WhiteElo "2464"]
[BlackElo "2216"]
[PlyCount "230"]
[EventDate "2015.05.22"]
[EventType "swiss"]
[EventRounds "6"]
[EventCountry "BRA"]
[SourceTitle "CBM 166 Extra"]
[Source "ChessBase"]
[SourceDate "2015.06.18"]
[SourceVersion "1"]
[SourceVersionDate "2015.06.18"]
[SourceQuality "1"]

1. e4 e5 2. Nf3 Nc6 3. d4 exd4 4. Nxd4 Bb4+ 5. c3 Bc5 6. Be3 Bb6 7. Qg4 Qf6 8.
Qg3 Nxd4 9. Bxd4 Bxd4 10. cxd4 Qxd4 11. Nc3 Ne7 12. Rd1 Qb6 13. Nb5 d6 14. Qc3
O-O 15. Qxc7 Bg4 16. Be2 Bxe2 17. Qxb6 axb6 18. Kxe2 Rxa2 19. Rd2 Nc6 20. Nc3
Ra5 21. Rxd6 b5 22. Rhd1 b4 23. Nd5 g6 24. Rd7 Ra2 25. Rd2 Rb8 26. f4 Na5 27.
e5 Nc4 28. Nf6+ Kg7 29. Rd8 Rxd8 30. Rxd8 h5 31. Rg8+ Kh6 32. h3 Rxb2+ 33. Kd3
Nxe5+ 34. fxe5 Rxg2 35. Ne4 Rh2 36. Rf8 Kg7 37. Rb8 Rxh3+ 38. Kd4 Rf3 39. Rxb7
Kf8 40. Rxb4 Rf1 41. Rb8+ Ke7 42. Rb7+ Kf8 43. Ng5 Rf4+ 44. Kc5 h4 45. Kd6 Rd4+
46. Kc5 Rf4 47. Kd6 Rd4+ 48. Kc6 Rc4+ 49. Kd7 h3 50. Nxh3 Rd4+ 51. Kc6 Rg4 52.
Kd5 g5 53. Rb6 Rg2 54. Ke4 Rg3 55. Nf2 Rg2 56. Kf3 Rg1 57. Rb4 Ke7 58. Rg4 Rf1
59. Ke2 Ra1 60. Ne4 Ra5 61. Rxg5 Ke6 62. Kf3 Rxe5 63. Rg7 Ra5 64. Kf4 f6 65.
Rb7 Rf5+ 66. Kg4 Rf1 67. Rb6+ Ke5 68. Nd2 Rf4+ 69. Kg3 Ra4 70. Nf3+ Kf5 71.
Nh4+ Ke5 72. Rb5+ Ke6 73. Ng6 Ra7 74. Kg4 Rg7 75. Rb6+ Kd5 76. Kf5 Kd4 77. Rxf6
Rb7 78. Nf4 Rd7 79. Rf8 Rd6 80. Ra8 Rd7 81. Ra4+ Kc5 82. Ke5 Rd1 83. Re4 Rd2
84. Ne6+ Kb6 85. Nd4 Rh2 86. Kd5 Rh5+ 87. Kc4 Rh6 88. Re5 Rg6 89. Re4 Rh6 90.
Nb5 Kc6 91. Rd4 Rg6 92. Rd5 Kb6 93. Nd4 Rg1 94. Rd6+ Kc7 95. Nb5+ Kb7 96. Nc3
Kc7 97. Kc5 Rc1 98. Rd3 Rc2 99. Rh3 Kd7 100. Re3 Rc1 101. Kc4 Rh1 102. Re5 Rh6
103. Ne4 Kc7 104. Rf5 Rh1 105. Nc3 Rh3 106. Nb5+ Kb6 107. Nd4 Rh6 108. Nf3 Rg6
109. Ne5 Rh6 110. Rf7 Rh5 111. Re7 Rf5 112. Kd4 Rf1 113. Rh7 Kb5 114. Rh5 Rd1+
115. Nd3+ Kc6 1/2-1/2

[Event "Cordeiropolis Freitas Levy Memorial"]
[Site "Cordeiropolis"]
[Date "2015.05.23"]
[Round "4"]
[White "Queiroz, Alberto Becker"]
[Black "Cubas, Jose Fernando"]
[Result "0-1"]
[WhiteElo "2164"]
[BlackElo "2464"]
[PlyCount "116"]
[EventDate "2015.05.22"]
[EventType "swiss"]
[EventRounds "6"]
[EventCountry "BRA"]
[SourceTitle "CBM 166 Extra"]
[Source "ChessBase"]
[SourceDate "2015.06.18"]
[SourceVersion "1"]
[SourceVersionDate "2015.06.18"]
[SourceQuality "1"]

1. e4 c5 2. Nf3 d6 3. Bb5+ Bd7 4. Bxd7+ Qxd7 5. O-O Nc6 6. Qe2 Nf6 7. Rd1 Rc8
8. c3 e6 9. d4 cxd4 10. cxd4 d5 11. e5 Ne4 12. Nc3 Nxc3 13. bxc3 Na5 14. Rd3
Be7 15. Bf4 h6 16. h4 Kd8 17. Nd2 Qb5 18. Rb1 Qa6 19. Qf3 g5 20. Bh2 g4 21. Qg3
h5 22. Re3 Rc7 23. f4 Kc8 24. f5 Kb8 25. f6 Bf8 26. Qf2 Bh6 27. Bf4 Bxf4 28.
Qxf4 Nc4 29. Nxc4 Qxa2 30. Rb4 Rxc4 31. Rxc4 Qxc4 32. Qg5 Qc8 33. Kh2 b5 34.
Rg3 Qf8 35. Qd2 Kb7 36. Qb2 a6 37. Re3 Qh6 38. Rd3 Rc8 39. Kg3 Rc4 40. Qa3 Qh7
41. Rd2 Qb1 42. Ra2 Rxc3+ 43. Qxc3 Qxa2 44. Qc5 Qc4 45. Qe7+ Qc7 46. Kf4 a5 47.
Kg5 b4 48. Kh6 b3 49. Qa3 Qc2 50. Qe7+ Qc7 51. Qa3 Qb6 52. Qb2 Qb4 53. Kg7 a4
54. Kxf7 a3 55. Qb1 a2 56. Qh7 a1=Q 57. Kxe6+ Kb6 58. f7 Qa7 0-1

[Event "Cordeiropolis Freitas Levy Memorial"]
[Site "Cordeiropolis"]
[Date "2015.05.24"]
[Round "5"]
[White "Cubas, Jose Fernando"]
[Black "Carneiro, Vitor Roberto Castr"]
[Result "1/2-1/2"]
[WhiteElo "2464"]
[BlackElo "2354"]
[PlyCount "168"]
[EventDate "2015.05.22"]
[EventType "swiss"]
[EventRounds "6"]
[EventCountry "BRA"]
[SourceTitle "CBM 166 Extra"]
[Source "ChessBase"]
[SourceDate "2015.06.18"]
[SourceVersion "1"]
[SourceVersionDate "2015.06.18"]
[SourceQuality "1"]

1. e4 c6 2. d4 d5 3. Nd2 dxe4 4. Nxe4 Nd7 5. Bd3 Ngf6 6. Ng5 h6 7. Ne6 Qa5+ 8.
Bd2 Qb6 9. Nxf8 Nxf8 10. Ne2 Qxb2 11. Rb1 Qxa2 12. c4 c5 13. O-O Qa6 14. Re1
N8d7 15. Nc3 cxd4 16. Nb5 Qb6 17. Bf4 e5 18. c5 Qc6 19. Nxd4 Qxc5 20. Nb5 O-O
21. Be3 Qe7 22. Nc7 Nc5 23. Nxa8 Nxd3 24. Qxd3 Be6 25. Qb5 Rxa8 26. Qxb7 Qxb7
27. Rxb7 a5 28. Ra7 Rxa7 29. Bxa7 a4 30. Rxe5 a3 31. Ra5 a2 32. Bd4 Ne4 33. f3
Nd6 34. Kf2 Kh7 35. Bc3 Kg6 36. h4 Nb7 37. h5+ Kh7 38. Rb5 Nd6 39. Rb6 Nc8 40.
Ra6 Ne7 41. Be5 Nd5 42. Rxa2 Nf4 43. Ra5 Nxh5 44. g4 Nf6 45. Bxf6 gxf6 46. Kg3
Kg6 47. Kf4 Bd7 48. Rc5 Be6 49. Ra5 Bc8 50. Kg3 f5 51. gxf5+ Bxf5 52. Kf4 Bd3
53. Rd5 Bc4 54. Rc5 Bb3 55. Ke5 f6+ 56. Kf4 Be6 57. Rc6 Bf5 58. Rc1 Be6 59. Re1
Bd7 60. Rg1+ Kf7 61. Rd1 Be6 62. Ke4 h5 63. Rg1 Bb3 64. Rg2 Ba4 65. Kf4 Bc6 66.
Rg1 Bd5 67. Ke3 Bb3 68. Ke4 Bc2+ 69. Kd5 Bf5 70. Kd6 Bc8 71. Rc1 Bf5 72. Rg1
Bc8 73. Rc1 Bf5 74. Rh1 Kg6 75. Ke7 Kg5 76. Rg1+ Kf4 77. Kxf6 h4 78. Ra1 h3 79.
Ra4+ Kxf3 80. Kxf5 Kg2 81. Ra3 h2 82. Ra2+ Kg1 83. Ra1+ Kg2 84. Ra2+ Kg1
1/2-1/2

[Event "Cordeiropolis Freitas Levy Memorial"]
[Site "Cordeiropolis"]
[Date "2015.05.24"]
[Round "6"]
[White "Matsuura, Everaldo"]
[Black "Cubas, Jose Fernando"]
[Result "1/2-1/2"]
[WhiteElo "2489"]
[BlackElo "2464"]
[PlyCount "20"]
[EventDate "2015.05.22"]
[EventType "swiss"]
[EventRounds "6"]
[EventCountry "BRA"]
[SourceTitle "CBM 166 Extra"]
[Source "ChessBase"]
[SourceDate "2015.06.18"]
[SourceVersion "1"]
[SourceVersionDate "2015.06.18"]
[SourceQuality "1"]

1. d4 d5 2. Nf3 Nf6 3. c4 c6 4. cxd5 cxd5 5. Nc3 Nc6 6. Bf4 Nh5 7. Bd2 e6 8. e3
Bd6 9. Bd3 Nf6 10. O-O O-O 1/2-1/2

[Event "Sao Paulo Hebraica 18th"]
[Site "Sao Paulo"]
[Date "2015.06.05"]
[Round "1"]
[White "Mendonca, Mateus Nakajo"]
[Black "Cubas, Jose Fernando"]
[Result "1/2-1/2"]
[WhiteElo "2422"]
[BlackElo "2455"]
[PlyCount "111"]
[EventDate "2015.06.05"]
[EventType "tourn"]
[EventRounds "9"]
[EventCountry "BRA"]
[EventCategory "8"]
[SourceTitle "CBM 166 Extra"]
[Source "ChessBase"]
[SourceDate "2015.06.18"]
[SourceVersion "1"]
[SourceVersionDate "2015.06.18"]
[SourceQuality "1"]

1. d4 Nf6 2. c4 g6 3. Nc3 Bg7 4. e4 d6 5. Nf3 O-O 6. Be2 e5 7. O-O Nc6 8. d5
Ne7 9. b4 Ne8 10. c5 f5 11. Ng5 h6 12. Ne6 Bxe6 13. dxe6 fxe4 14. cxd6 Nxd6 15.
Qc2 Qc8 16. Nxe4 Qxe6 17. Nc5 Qf7 18. Bb2 Nd5 19. b5 Nf4 20. Bf3 Nxb5 21. Bxb7
Rab8 22. Bc6 Nd4 23. Bxd4 exd4 24. Rad1 Rb4 25. Qe4 Qf5 26. Nd3 Nxd3 27. Qxd3
Qxd3 28. Rxd3 Rf5 29. Be4 Ra5 30. Bxg6 Rxa2 31. f4 Ra6 32. Rg3 Rf6 33. Rc1 c6
34. Be4 d3 35. Bxd3 Rbxf4 36. Rb1 Kh8 37. Rb7 Rf7 38. Rxf7 Rxf7 39. Rg6 Bd4+
40. Kh1 Rf6 41. Rxf6 Bxf6 42. Ba6 Kg7 43. Kg1 Be5 44. g3 Kf6 45. Kf2 Bd4+ 46.
Ke2 Kf5 47. Kd3 Bg1 48. h3 Bf2 49. g4+ Kf4 50. Kc4 Kg3 51. Bc8 Bb6 52. Bd7 c5
53. Kb5 Kh4 54. Bc8 Bd8 55. Kxc5 Bg5 56. Kb5 1/2-1/2

[Event "Sao Paulo Hebraica 18th"]
[Site "Sao Paulo"]
[Date "2015.06.06"]
[Round "2"]
[White "Cubas, Jose Fernando"]
[Black "Mareco, Sandro"]
[Result "0-1"]
[WhiteElo "2455"]
[BlackElo "2606"]
[PlyCount "70"]
[EventDate "2015.06.05"]
[EventType "tourn"]
[EventRounds "9"]
[EventCountry "BRA"]
[EventCategory "8"]
[SourceTitle "CBM 166 Extra"]
[Source "ChessBase"]
[SourceDate "2015.06.18"]
[SourceVersion "1"]
[SourceVersionDate "2015.06.18"]
[SourceQuality "1"]

1. e4 c5 2. Nf3 d6 3. d4 cxd4 4. Nxd4 Nf6 5. Nc3 a6 6. Bg5 Nbd7 7. Bc4 Qb6 8.
Bb3 e6 9. Qd2 Be7 10. O-O-O Nc5 11. Rhe1 h6 12. Bxf6 Bxf6 13. f4 Qc7 14. Kb1
O-O 15. g4 b5 16. g5 hxg5 17. fxg5 Be5 18. Nf3 Rb8 19. Nxe5 dxe5 20. Qe2 a5 21.
Qh5 g6 22. Qh4 Rd8 23. Re3 Rxd1+ 24. Nxd1 Qd6 25. Kc1 a4 26. Rh3 Kf8 27. Qh8+
Ke7 28. Qf6+ Kd7 29. Qxf7+ Kc6 30. Qxg6 axb3 31. cxb3 Bb7 32. Nc3 b4 33. Nd5
Rd8 34. Rh6 Kb5 35. Qf7 Bxd5 0-1